000 00382nam a2200145 a 4500
005 20140412111419.0
008 070906s19uu xx 00 eng d
020 _a1-84577-061-7
050 _aTR(PS E
_bLi72 2007
245 _aLittle red riding hood.
260 _aChina :
_bBerryland books,
_c2004.
300 _a1 v. unp.
440 _aTreasured tales CD book
999 _c105953
_d105953